000 00408nam a2200181Ia 4500
001 9997
005 20260306161759.0
008 260306t2003||||xx |||||||||||||| ||spa||
041 _aESP
082 _aPE 869.56
_bP78
100 _aPorras, Axel
_eAUT
245 2 _aA saltacharquillos
260 _c2003
300 _a87 páginas :
_c20 cm.
650 _aGEN
654 _aCHU
942 _cLIB
_dJUS
_fJUS
_2ddc
_n
999 _c9997
_d9997